LEADER 00880nam a2200217 i 4500 001 000000004714 003 CaOOAMICUS 005 20180830125437.0 008 180830s2010 xx u000 u und u 040 $aSeMil$bita 100 1 $aMinuti, Luigi.$0(OLS)http://semarc/name/66976 245 10$aMedia pianura lombarda :$bluoghi della fede /$cLuigi Minuti, Maurizio Ferrandi. 260 $aBergamo :$bMoma,$c2010. 300 $a2 volumi (271;271 p.) :$bill. ;$c33 cm. 500 $aIn custodia. - Omaggio card. Dionigi Tettamanzi. 700 1 $aFerrandi, Maurizio.$0(OLS)http://semarc/name/89361 774 0 $aMinuti, Luigi$t1.$dBergamo : Moma $w()108558 774 0 $aMinuti, Luigi$t2.$dBergamo : Moma $w()258017 941 1 $a5 996 $6245$aMedia pianura lombarda :$bluoghi della fede$9(OLS)http://semarc/title/400622 996 $6260$aBergamo :$bMoma$9(OLS)http://semarc/publisher/55647 LEADER 01060nam a2200229 i 4500 001 000000219574 003 CaOOAMICUS 005 20191107145855.0 008 130329s1939 it u000 u ita u 013 $a198471 040 $aSeMil$bita 245 10$a18: La leda senza cigno :$bracconto seguito da una licenza /$cGabriele D'Annunzio. 260 $a[Gardone Riviera] :$bIl vittoriale degli italiani,$c1939. 300 $a293 p. ;$c19 cm. 700 1 $aD'Annunzio, Gabriele,$d<1863-1938>.$0(OLS)http://semarc/name/1300 773 0 $aD'Annunzio, Gabriele <1863-1938>$tOpere di Gabriele D'Annunzio.$d[Gardone Riviera] : Il vittoriale degli italiani, 1939-$w()28298 850 $aSeMil 852 $aSeMil$W1$xVenegono$y1$m1A II 3$j169935$B169935$CSeMilBibl$Z2$F187228 $81 961 $aLascito: Presbitero, Silvana 996 $6245$a18: La leda senza cigno :$bracconto seguito da una licenza$9(OLS)http://semarc/title/314998 996 $6260$a[Gardone Riviera] :$bIl vittoriale degli italiani$9(OLS)http://semarc/publisher/58665